| 000 | 01372nam a2200349Ia 4500 | ||
|---|---|---|---|
| 001 | ebr10409245 | ||
| 003 | CaPaEBR | ||
| 006 | m u | ||
| 007 | cr cn||||||||| | ||
| 008 | 100316s2010 stk sb 001 0 eng d | ||
| 020 | _z9780748638970 (hbk.) : | ||
| 020 | _z0748638970 (hbk.) : | ||
| 040 |
_aCaPaEBR _cCaPaEBR |
||
| 035 | _a(OCoLC)664806051 | ||
| 050 | 1 | 4 |
_aKJ147 _b.C74 2010eb |
| 082 | 0 | 4 |
_a340.55 _222 |
| 245 | 0 | 4 |
_aThe creation of the lus commune _h[electronic resource] : _bfrom Casus to Regula / _cedited by John W. Cairns and Paul J. du Plessis. |
| 260 |
_aEdinburgh : _bEdinburgh University Press, _cc2010. |
||
| 300 | _axiii, 304 p. | ||
| 490 | 1 |
_aEdinburgh studies in law ; _vv. 7 |
|
| 504 | _aIncludes bibliographical references and index. | ||
| 533 |
_aElectronic reproduction. _bPalo Alto, Calif. : _cebrary, _d2011. _nAvailable via World Wide Web. _nAccess may be limited to ebrary affiliated libraries. |
||
| 650 | 0 | _aLaw, Medieval. | |
| 650 | 0 |
_aCommon law _xRoman influences. |
|
| 650 | 0 |
_aCommon law _zEurope. |
|
| 655 | 7 |
_aElectronic books. _2local |
|
| 700 | 1 | _aCairns, John W. | |
| 700 | 1 | _aPlessis, Paul J. du. | |
| 710 | 2 | _aebrary, Inc. | |
| 830 | 0 |
_aEdinburgh studies in law ; _vv. 7. |
|
| 856 | 4 | 0 |
_uhttp://site.ebrary.com/lib/rucke/Doc?id=10409245 _zAn electronic book accessible through the World Wide Web; click to view |
| 999 |
_c183559 _d183559 |
||